000 00607nam a2200181Ia 4500
005 20250423100104.0
008 250422s9999 xx 000 0 und d
020 _a9780821364352
050 _aKP M850 .C36/
100 _aCampos, Edgardo J.
245 0 _aManaging the politics of reform : overhauling the legal infrastructure of public procurement in the Philippines
260 _aWashington, DC
260 _bWorld Bank
260 _c2005
300 _a52 p
650 _aManaging the politics of reform : overhauling the legal infrastructure of public procurement in the Philippines
942 _cBK
999 _c32253
_d32253